| 000 | 00907nam a2200253Ia 4500 | ||
|---|---|---|---|
| 001 | dia_1745 | ||
| 003 | CHAP | ||
| 005 | 20230619130149.0 | ||
| 008 | 220117s1970 xx 000 0 und d | ||
| 010 | _a172281 | ||
| 040 | _cCHAP | ||
| 082 | _a630.972 R48 1970 | ||
| 111 |
_aReunión de Agentes Generales (3a. : 1970 Febrero 9-11 : México D. F.) _9151476 |
||
| 245 | _aTercera Reunión de Agentes Generales sobre las actividades del Plan Nacional Agrícola, Ganadero y Forestal, D. F. del 9 al 11 de febrero de 1970 : Memoria | ||
| 260 |
_aMéxico : _b Auditorio de Alamacenes Nacionales de Depósito, _c1970 |
||
| 300 | _a160 p. | ||
| 590 | _aHD1792 T47 1970 | ||
| 650 |
_aAgricultura _xMéxico _9138811 |
||
| 650 |
_aGanadería _xMéxico _9137519 |
||
| 901 | _a630.972 R48 1970 | ||
| 902 | _aM | ||
| 905 | _a5232271970 mx d 8225323322spa16 | ||
| 942 |
_cLIBRO _2ddc |
||
| 999 |
_c172281 _d172281 |
||